Fuzzy Logic with Engineering Applications /

Đã lưu trong:
Sonraí Bibleagrafaíochta
Príomhúdar: Ross, Timothy J.
Formáid: Sách giấy
Teanga:English
Foilsithe: Singapore : McGraw-Hill, 1995
Clibeanna: Cuir Clib Leis
Gan Chlibeanna, Bí ar an gcéad duine leis an taifead seo a chlibeáil!
Thư viện lưu trữ: Thư viện Trường Đại học Đà Lạt
LEADER 00585nam a2200241 4500
001 DLU020000288
005 ##12/15/1998
020 # # |a 0-07-114711-X 
041 # # |a eng 
082 # # |a 620.001 511 3  |b RO-T 
100 # # |a Ross, Timothy J. 
245 # # |a Fuzzy Logic with Engineering Applications /  |c Timothy J. Ross  
260 # # |a Singapore :  |b McGraw-Hill,  |c 1995 
300 # # |a XX, 600 tr.;  |c 23 cm. 
992 # # |a 274000 
994 # # |a DLU 
900 # # |a False 
911 # # |a Administrator 
925 # # |a G 
926 # # |a A 
927 # # |a SH 
980 # # |a Thư viện Trường Đại học Đà Lạt